Nuevas especies colombianas de Pentacalia (<Senecioneae-Asteraceae>) (Registro nro. 14083)

Detalles MARC
000 -CABECERA
Campo de control 004290000a22001210004500
090 ## - CLASIFICACIÓN LOCAL
Colección AS
Consecutivo Seriadas
041 0# - IDIOMA
Código de idioma para texto/pista de sonido o título separado
100 1# - ASIENTO PRINCIPAL--NOMBRE PERSONAL
Nombre personal Díaz Piedrahita, Santiago
245 10 - MENCION DE TITULO
Título Nuevas especies colombianas de Pentacalia (<Senecioneae-Asteraceae>)
700 1# - ASIENTO SECUNDARIO - NOMBRE PERSONAL
Nombre personal Cuatrecasas, José
773 1# - Item fuente:
Título Revista de la Academia Colombiana de Ciencias Exactas, Fisicas y Naturales
Especificación de materiales 32
Descripción física 67
Paginas del Articulo 687-690
Lugar, editorial y fecha de publicación 1990
Información sobre la relación 17
942 ## - ELEMENTOS ADICIONALES (KOHA)
Tipo de ítem Artículo

No hay ítems disponibles.